01805nam a22002897a 4500008004100000020001800041040000800059041000800067050002900075100003400104245008700138260002900225300006100254520078700315650002801102650002701130650002801157650004001185655002601225655004101251655003001292700003801322700003901360942000801399952009301407999001501500250709b |||||||| |||| 00| 0 eng d a9780751583700 ctbs aeng aPS3618.E57275 bH53 2022 aRekulak, Jason925719eauthor aHidden pictures c/ Jason Rekulak ; illustrated by Will Staehle and Doogie Horner. aLondon :bSphere,c2023. a387 pages : billustrations (black and white) ; c20 cm. aMallory is delighted to have a new job looking after gorgeous four-year-old, Teddy. She’s been sober for a year and a half and she’s sure her new nannying role in the affluent suburbs will help keep her on the straight and narrow. That is until Teddy starts to draw disturbing pictures of his imaginary friend, Anya. It is quite clear to Mallory and to Teddy’s parents, even in his crude childlike style, that the woman Teddy is drawing in his pictures is dead. Teddy’s crayons are confiscated, and his paper locked away. But the drawings somehow keep coming, telling a frightening story of a woman murdered… and they’re getting more sophisticated. But if Teddy isn’t drawing the pictures anymore, who is? And what are they trying to tell Mallory about her new home? 0aNanniesvFiction925721 0aMurdervFiction925440 0aSecrecyvFiction925722 0aChildren's drawingsvFiction925723 0aHorror fiction922808 0aDetective and mystery fiction923664 0aParanormal fiction922925 aStaehle, Will925724eillustrator aHorner, Doogie925725eillustrator 2lcc 00102lcc4070aTBSbTBSd2025-07-09l0oP-EN REKpB05884r2025-07-09t1w2025-07-09y1 c4842d4842